Countries Closest to Antarctica on a Map - Statistics

General Stats
  • This quiz has been taken 80,002 times
  • The average score is 18 of 20
Answers on the Map
Answers color-coded by a green-red scale on the quiz's map according to % correct below.
 
Answer Stats
km Country miles % Correct
1023 Argentina 636
99%
2518 Australia 1564
99%
3292 Brazil 2045
99%
1005 Chile 625
99%
3856 South Africa 2396
99%
4513 Madagascar 2804
98%
2484 New Zealand 1543
98%
3978 Paraguay 2472
96%
5094 Peru 3165
96%
3151 Uruguay 1958
96%
4523 Bolivia 2811
94%
4236 Lesotho 2632
91%
5070 Zimbabwe 3151
87%
4646 Mozambique 2887
86%
4513 Namibia 2804
86%
4714 Botswana 2929
85%
4597 Eswatini 2856
85%
5576 Malawi 3465
75%
5052 Mauritius 3139
73%
5438 Vanuatu 3379
55%
No matching quizzes found
Score Distribution
Percent of People with Each Score
Percentile by Number Answered
Your Score History
You have not taken this quiz